01020nam a2200253 a 450000100100000000500170001000800410002704000250006808200220009310000250011524500900014025000110023026000570024130000210029849000490031960000370036865000220040565000270042783000560045491000370051004900090054795201930055699900170074900003502620260203124139.0111024s1953 mx 000 0 spa d aDO-SdBNPbspacBNPHU a111.1bJ39f, 19531 aJaspers, Karl94783513aLa filosofia desde el punto de vista de la existencia /cKarl Jaspers ; truducción. a2a ed. aBuenos Aires :bFondo de Cultura Económica,c1953. a151 p. ;c18 cm.1 aBreviarios. Fondo de Cultura Económicav7714aJASPERS, KARL,d1883-1969960652 0aFilosofía 9813 0aExistencialismo936017 0aBreviarios. Fondo de Cultura Económicav77960210 aValidado. Control de calidad MFF aBNPD 001050718RVaGRbGRcHDd2011-10-24iLF1l0o111.1 J39f, 1953p35026-10r2020-06-25w2020-06-25y1zPerteneció a la biblioteca personal de Juan Isidro Jimenes Grullón.ZNo se presta c34517d34517